| 000 | 00788nam a2200217 i 4500 | ||
|---|---|---|---|
| 001 | 163510 | ||
| 003 | ES-MaACL | ||
| 005 | 20251015063143.0 | ||
| 008 | 050713s1886 sp | |||||||| ||spa d | ||
| 040 |
_aCAM _bspa _cCAM |
||
| 100 | 1 |
_aPaul, Jean, _d1763-1825 _9149234 |
|
| 245 | 1 | 0 |
_aSur l'éducation / _cJean-Paul Richter; traduction avec préface par Vve Julés Favre. |
| 260 |
_aParis : _bLibrairie Ch. Delagrave, _c1886 ( _fSociété Anonyme d'Imprimerie de Villefranche-de-Rouergue) |
||
| 300 |
_a151 p. ; _c19 cm. |
||
| 490 | 1 | _aBibliothèque pédagogique | |
| 650 | 7 |
_aPedagogía _2embne _915904 |
|
| 700 | 1 |
_aFavre, Julie ( _d1834-1896) _949000 |
|
| 830 | 0 |
_aBibliothèque pédagogique _9222279 |
|
| 852 |
_aES-MaACL _jG-3234 _z-- Rust. |
||
| 999 |
_c163510 _d163510 |
||